000 00696nam a2200205Ia 4500
003 GCL
008 140319s9999 xx 000 0 ara d
020 _a1688301977
040 _aGCL /
_cGCL
082 0 4 _a813.03
_bأ ل
100 1 _aابراهيم عبدالمجيد
245 1 0 _aلا احد ينام فى الاسكندرية /
_cابراهيم عبدالمجيد
260 _aالقاهرة :
_bالهيئة المصرية العامة للكتاب ،
_c2000
300 _a407 ص ؛
_c18 سم
490 _aمكتبة الاسرة
_v0
650 0 4 _aالاسكندرية
650 0 4 _aالاسكندرية - تاريخ
650 0 4 _aالاسكندرية، محافظة
942 _2ddc
_cBK
999 _c87
_d87